000 00680nam a2200277Ia 4500
005 20260324124552.0
008 008 260324s9999 xx 000 0 eng d
020 _a9780429149481
037 _aEBOOK
040 _aCRL
040 _beng
040 _cCRL
041 _2eng
041 _aeng
084 _qCRL
100 _aCarlos Fernando Zinola
_91174658
245 0 _aElectrocatalysis: Computational, Experimental, and Industrial Aspects
260 _bTaylor and Francis
260 _c2010
365 _a
365 _b400
856 _uhttp://www.taylorfrancis.com/books/9780429149481
942 _cEBOOK
999 _c1769147
_d1769147